European Community : (Record no. 8530)

MARC details
000 -LEADER
fixed length control field 00572nam a22002057a 4500
003 - CONTROL NUMBER IDENTIFIER
control field OSt
005 - DATE AND TIME OF LATEST TRANSACTION
control field 20171020180541.0
008 - FIXED-LENGTH DATA ELEMENTS--GENERAL INFORMATION
fixed length control field 171020b xxu||||| |||| 00| 0 eng d
040 ## - CATALOGING SOURCE
Original cataloging agency LDCLIB
Transcribing agency LDCLIB
082 ## - DEWEY DECIMAL CLASSIFICATION NUMBER
Edition number 22
Classification number 341.2922
Item number CHI
100 ## - MAIN ENTRY--PERSONAL NAME
Personal name Child.
245 ## - TITLE STATEMENT
Title European Community :
Remainder of title Law of competition /
Statement of responsibility, etc Bellamy and Child ; edited by P. M. Roth QC.
250 ## - EDITION STATEMENT
Edition statement 5th ed.
260 ## - PUBLICATION, DISTRIBUTION, ETC. (IMPRINT)
Place of publication, distribution, etc London :
Name of publisher, distributor, etc Sweet & Maxwell,
Date of publication, distribution, etc 2001.
300 ## - PHYSICAL DESCRIPTION
Extent 1339 p. ;
Dimensions 24 cm.
500 ## - GENERAL NOTE
General note Includes index.
650 ## - SUBJECT ADDED ENTRY--TOPICAL TERM
Topical term or geographic name as entry element European Comminity
700 ## - ADDED ENTRY--PERSONAL NAME
Personal name Roth, P. M.
942 ## - ADDED ENTRY ELEMENTS (KOHA)
Source of classification or shelving scheme Dewey Decimal Classification
Koha item type Books
Holdings
Withdrawn status Lost status Damaged status Not for loan Home library Current library Shelving location Date acquired Total Checkouts Full call number Barcode Date last seen Price effective from Koha item type
        Law Development Centre Main Library Law Development Centre Main Library Text Books and Laws 10/20/2017   341.2922 CHI 640/014 10/20/2017 10/20/2017 Books